000 01099nam0a22002771 4500
001 rc\382882
005 20250621053926.0
010 _a5-556-00222-3
_9166000
035 _a(NLR Aleph) 005600999
090 _a6312599
_c6312599
100 _a20030307d1989 |||y0rusy50 ca
101 0 _arus
102 _aRU
105 _aa |||||||||
200 1 _aРусский язык
_eУчеб. пособие для 5-го кл. одиннадцатилет. азерб. шк.
_fС.С. Мирзоев, З.А. Ахмедова, А.А. Ганиева
210 _aБаку
_cМаариф
_d1989
215 _a390, [1] с.
_cил.
_d22
300 _aПеред вып. дан. 1-й авт.: Сейран Салам оглы Мирзоев
700 1 _aМирзоев
_bС.С. оглы
_gСейрам Салам оглы
701 1 _aАхмедова
_bЗ.А. кызы
_gЗарифа Агарза кызы
701 1 _aГаниева
_bА.А. кызы
_gАделя Аллахверди кызы
801 0 _aRU
_bNLR
_gpsbo
801 1 _aRU
_bELAR
_2rusmarc
852 _aNLR
_j89-5/4415
942 _cBOOK
980 _aNB